| Tag |
First Indicator |
Second Indicator |
Subfields |
| LEADER |
00000cam a2200000 4500 |
| 001 |
in00001865544 |
| 006 |
m | d | |
| 007 |
cr |n||||||||n |
| 008 |
870227s1772 enk|||| s 00||||eng d |
| 005 |
20260413205831.9 |
| 035 |
|
|
|a (CStRLIN)ESTCN26756
|
| 040 |
|
|
|a Cu-RivES
|c Cu-RivES
|d CStRLIN
|d Thomson Gale
|d UtOrBLW
|
| 100 |
1 |
|
|a Bremner, Robert,
|d -1789.
|
| 245 |
1 |
0 |
|a Church harmony :
|b or, psalm-tunes, in four parts. Compiled and adapted for the use of the meeting in Swallow-Street. To which are prefixed instructions for singing them, by R. Bremner.
|
| 264 |
|
3 |
|a London :
|b printed and sold at his music-shop,
|c 1772.
|
| 300 |
|
|
|a 44p., plate :
|b engr.music ;
|c 8⁰.
|
| 336 |
|
|
|a text
|b txt
|2 rdacontent
|
| 337 |
|
|
|a computer
|b c
|2 rdamedia
|
| 338 |
|
|
|a online resource
|b cr
|2 rdacarrier
|
| 500 |
|
|
|a Reproduction of original from the British Library.
|
| 510 |
4 |
|
|a English Short Title Catalog,
|c ESTCN26756.
|
| 533 |
|
|
|a Electronic reproduction.
|b Farmington Hills, Mich. :
|c Thomson Gale,
|d 2003.
|n Available via the World Wide Web.
|n Access limited by licensing agreements
|7 s2003 miunns
|
| 500 |
|
|
|a Electronic resource.
|
| 830 |
|
0 |
|a Eighteenth century collections online.
|
| 856 |
4 |
0 |
|u http://proxy.library.tamu.edu/login?url=https://galenet.galegroup.com/servlet/ECCO?c=1&stp=Author&ste=11&af=BN&ae=N026756&tiPG=1&dd=0&dc=flc&docNum=CW106512634&vrsn=1.0&srchtp=a&d4=0.33&n=10&SU=0LRL+OR+0LRI&locID=txshracd2898
|z Full text online
|t 0
|
| 999 |
|
|
|a MARS
|
| 999 |
f |
f |
|s b6172c3d-342e-3997-9f48-adb8d956591f
|i 7b1bd82c-8b3a-347a-8b28-8ced879d826a
|t 0
|
| 952 |
f |
f |
|a Texas A&M University
|b College Station
|c Electronic Resources
|s www_evans
|d Available Online
|t 0
|h No information provided
|
| 998 |
f |
f |
|t 0
|l Available Online
|